|
|
|
|
| LEADER |
00000nam a22000007a 4500 |
| 001 |
vtls010100564 |
| 003 |
SK-MaSNL |
| 005 |
20260301131310.0 |
| 008 |
240318s1971 xo g b 000 0 slos |
| 015 |
|
|
|a SNBA1931
|
| 040 |
|
|
|a SNK
|b slo
|c SNK
|c sNK
|e AACR2
|
| 041 |
0 |
|
|a slo
|
| 044 |
|
|
|a xo
|c SK
|
| 080 |
|
|
|a 323.26(437.6)"1931"
|2 2001
|
| 080 |
|
|
|a 323.264
|2 2001
|
| 080 |
|
|
|a (015)
|2 2001
|
| 100 |
1 |
|
|a Jónásová, Anna,
|d 1945-
|4 aut
|9 229647
|
| 245 |
1 |
0 |
|a Košútske udalosti vo svetle komunistickej a pokrokovej tlače
|b bibliografia článkov z Pravdy, Rudého práva, Davu a Tvorby z r. 1931
|c zostavili Anna Jonášová, Marta Brezinová
|
| 250 |
|
|
|a [1. vyd.]
|
| 260 |
|
|
|a Galanta
|b Okresná knižnica
|c 1971
|
| 300 |
|
|
|a 24 s.
|c 30 cm
|
| 366 |
|
|
|e 120 výt.
|
| 504 |
|
|
|a Záznamy sú usporiadané v rámci novinových titulkov abecedne a chronologicky. Menný register autorov
|
| 648 |
|
7 |
|a 1931
|2 SNK
|9 287983
|
| 650 |
0 |
7 |
|a Košútska vzbura, 1931
|2 SNKPH
|9 342395
|
| 650 |
0 |
7 |
|a politické štrajky
|2 SNK
|9 4755
|
| 650 |
0 |
7 |
|a bibliografia článkov
|2 SNK
|9 261080
|
| 651 |
|
7 |
|a Košúty (Galanta, Slovensko)
|2 SNK
|9 176675
|
| 651 |
|
7 |
|a Galanta (Slovensko : okres)
|2 SNK
|9 15964
|
| 655 |
|
7 |
|a bibliografie
|2 SNK
|9 28668
|
| 655 |
|
7 |
|a regionálne bibliografie
|2 SNK
|9 70484
|
| 700 |
1 |
|
|a Brezinová, Marta
|9 405003
|
| 958 |
|
|
|a OND
|
| 999 |
|
|
|c 747516
|d 749446
|
| 952 |
|
|
|a SNK
|b SNK
|y PREZ
|7 0
|p 17A0899601
|o snkSB 20247
|i snkD 490/74
|8 1
|0 0
|1 0
|4 0
|d 2014-04-04
|f 1
|l 0
|r 2025-03-25 00:00:00
|w 2026-02-23
|
| 952 |
|
|
|a SNK
|b SNK
|y VYP
|7 0
|o snkSB 20247 D1
|i snkD 491/74
|8 1
|0 0
|1 0
|4 0
|d 2014-04-04
|l 0
|r 2026-02-23 23:20:58
|w 2026-02-23
|